Pobreza y acceso al empleo en Argentina: ¿cómo se relacionan demanda e inclusión laboral? /
La presente investigación analiza la relación que se establece entre demandantes de empleo y trabajadores pertenecientes a los segmentos más vulnerables en términos socioeconómicos en la Argentina reciente (2004-2016), a la vez que esgrime una síntesis de las principales políticas activas de mercado...
Zapisane w:
| 1. autor: | |
|---|---|
| Format: | Książka |
| Język: | Spanish |
| Hasła przedmiotowe: | |
| Etykiety: |
Dodaj etykietę
Nie ma etykietki, Dołącz pierwszą etykiete!
|
MARC
| LEADER | 00000nam a22000007a 4500 | ||
|---|---|---|---|
| 003 | cru CIDCACS/IIS | ||
| 005 | 20220318062537.0 | ||
| 007 | ta | ||
| 008 | 180829s2017 cr ||||| ||||||0| ||spa|d | ||
| 999 | |c 41608 |d 41608 | ||
| 040 | |c cru CIDCACS/IIS | ||
| 100 | 1 | |9 7558 |a Sconfienza, María Eugenia | |
| 245 | 1 | |a Pobreza y acceso al empleo en Argentina: |b ¿cómo se relacionan demanda e inclusión laboral? / |c María Eugenia Sconfienza | |
| 300 | |a páginas 99-123 | ||
| 520 | |a La presente investigación analiza la relación que se establece entre demandantes de empleo y trabajadores pertenecientes a los segmentos más vulnerables en términos socioeconómicos en la Argentina reciente (2004-2016), a la vez que esgrime una síntesis de las principales políticas activas de mercado de trabajo recientes del país. Algunos de los principales hallazgos dan muestra de que existen barreras de acceso a los empleos que operan en detrimento del ingreso al mercado de trabajo y que muchas veces suelen no estar en concordancia a las tareas a ejercer, como son la edad y el nivel educativo. | ||
| 650 | 0 | |9 284 |a POBREZA | |
| 650 | 0 | |9 288 |a EMPLEO | |
| 650 | 0 | |9 1481 |a CONDICIONES DE TRABAJO | |
| 650 | 4 | |9 1844 |a DESEMPLEO | |
| 650 | 0 | |9 944 |a EDUCACION | |
| 650 | 0 | |9 287 |a MERCADO DE TRABAJO | |
| 650 | 0 | |9 285 |a EXCLUSION SOCIAL | |
| 650 | 0 | |9 1459 |a NORMAS DE TRABAJO | |
| 650 | 0 | |a TRABAJO |9 27 | |
| 651 | 0 | |9 3346 |a ARGENTINA | |
| 773 | 0 | |0 18728 |9 2205 |a Universidad de Costa Rica |d San José, Costa Rica Editorial UCR 1956- |o 19668 |t Revista de Ciencias Sociales/ | |
| 942 | |2 ddc |c PP | ||
